000 00625nam a2200205 i 4500
001 104436
003 ES-MaACL
005 20230906183614.0
007 t|
008 051130s1970 fr ||||1| fre d
100 1 _aMilet, Jean.
_981102
245 1 0 _aGabriel Tarde et la philosophie de l'histoire /
_cpar Jean Milet.
260 _aParis :
_bJ. Vrin,
_c1970.
300 _a410 p. ;
_c25 cm.
490 1 _aBibliothèque d'histoire de la philosophie
504 _aBibliografía. Indice.
830 0 _aBibliothèque d'histoire de la philosophie
_9177275
852 _aES-MaACL
_jL-11856
_bR.113826
999 _c104436
_d104436